000 00452cam a22001934a 4500
005 20250605164320.0
008 250528s ||||||||||||||||||||||||d
035 _a22854
020 _a9780750643825
040 _aGR-AtMCL
_bgre
_dGR-AtMCL
_eAACR2
245 1 _aMARKET LED STRATEGIC CHANGE
250 _a2
260 _bButterworths,
_c1997
300 _a665
700 1 _aPiercy Nigel
_92030
942 _cBK
999 _c7899
_d7899